| 000 | 01208nam a2200265 i 4500 | ||
|---|---|---|---|
| 001 | 154723 | ||
| 003 | ES-MaACL | ||
| 005 | 20230906205829.0 | ||
| 008 | 931025s1722 sp |||| | spa d | ||
| 040 |
_aCAM _bspa _cPAB |
||
| 100 | 1 |
_aGracián Dantisco, Lucas. _959485 |
|
| 245 | 1 | 0 |
_aGalateo Español ... / _csu autor Lucas Gracian Dantisco ... ; va añadido el destierro de ignorancia ... y la vida del Lazarillo de Tormes castigado. |
| 250 | _aaora nuevamente impresso y enmendado. | ||
| 260 |
_aEn Madrid : _ben la imprenta de Juan Sanz, _c1722. |
||
| 300 |
_a8], 285 p. ; _c8\pa\s. |
||
| 505 | 8 | _aDestierro de ignorancia / nuevamente compuesto por Horacio Riminaldo boloñes ..., p. 166-214. Vida de Lazarillo de Tormes castigado ..., p. 215-285 | |
| 594 | 1 | _aSegunda obra traducida del italiano. | |
| 595 | 1 | _aMención de edición precede a mención de responsabilidad. | |
| 597 | 1 | _aSign. : calderón]\p4\s, A-R\p8\s, S\p7\s. | |
| 597 | 1 | _aPort. con orla tip. | |
| 597 | 1 | _aTercera obra con port. propia. | |
| 700 | 1 | 1 |
_aRiminaldo, Orazio. _tDestierro de ignorancia. _9131824 |
| 730 | 0 |
_aLazarillo de Tormes. _9122472 |
|
| 852 |
_aES-MaACL _jR-522 _z-- Enc. perg. _x Olim: D-3892 |
||
| 999 |
_c154723 _d154723 |
||